[Event "DVM U10 2023"]
[Site "Magdeburg GER"]
[Date "2023.12.28"]
[Round "5"]
[White "Korth, Alexander"]
[Black "Michalak, Albert"]
[Result "1-0"]
[Termination "normal"]
[Board "17.3"]
[WhiteElo "767"]
[BlackElo "740"]
[WhiteClock "00:22:14"]
[BlackClock "00:16:59"]
[WhiteTeam "Greifswalder SV"]
[BlackTeam "USC Magdeburg"]
[PlyCount "115"]
[EventCountry "GER"]
[EventRounds "7"]
[EventType "team-swiss"]
[EventDate "2023.12.27"]

1. e4 {[%clk 00:55:07]} {[%emt 00:00:02]} e5 {[%clk 00:55:04]} {[%emt
00:00:07]} 2. Nf3 {[%clk 00:55:06]} {[%emt 00:00:06]} Nc6 {[%clk 00:55:00]}
{[%emt 00:00:10]} 3. Nc3 {[%clk 00:54:59]} {[%emt 00:00:11]} Bc5 {[%clk
00:54:30]} {[%emt 00:00:35]} 4. Bc4 {[%clk 00:54:59]} {[%emt 00:00:15]} Nf6
{[%clk 00:54:22]} {[%emt 00:00:13]} 5. d3 {[%clk 00:54:49]} {[%emt 00:00:15]}
h6 {[%clk 00:54:14]} {[%emt 00:00:14]} 6. Bd2 {[%clk 00:54:29]} {[%emt
00:00:24]} d6 {[%clk 00:53:59]} {[%emt 00:00:20]} 7. O-O {[%clk 00:54:18]}
{[%emt 00:00:16]} Bg4 {[%clk 00:53:58]} {[%emt 00:00:06]} 8. h3 {[%clk
00:53:49]} {[%emt 00:00:33]} Bh5 {[%clk 00:53:49]} {[%emt 00:00:14]} 9. Nd5
{[%clk 00:53:04]} {[%emt 00:00:50]} Nd4 {[%clk 00:51:09]} {[%emt 00:02:46]} 10.
Nxf6+ {[%clk 00:52:10]} {[%emt 00:00:59]} gxf6 {[%clk 00:50:47]} {[%emt
00:00:27]} 11. Bd5 {[%clk 00:51:38]} {[%emt 00:00:38]} c6 {[%clk 00:49:59]}
{[%emt 00:00:53]} 12. Bc4 {[%clk 00:51:00]} {[%emt 00:00:43]} d5 {[%clk
00:49:41]} {[%emt 00:00:23]} 13. exd5 {[%clk 00:50:32]} {[%emt 00:00:32]} cxd5
{[%clk 00:49:32]} {[%emt 00:00:14]} 14. Bb5+ {[%clk 00:50:20]} {[%emt
00:00:17]} Ke7 {[%clk 00:48:06]} {[%emt 00:01:31]} 15. Ba4 {[%clk 00:49:56]}
{[%emt 00:00:29]} b5 {[%clk 00:47:57]} {[%emt 00:00:14]} 16. Bb3 {[%clk
00:48:50]} {[%emt 00:01:11]} Rg8 {[%clk 00:47:28]} {[%emt 00:00:32]} 17. Bxh6
{[%clk 00:47:38]} {[%emt 00:01:18]} Bd6 {[%clk 00:46:18]} {[%emt 00:01:16]} 18.
Bxd5 {[%clk 00:46:51]} {[%emt 00:00:52]} Nxf3+ {[%clk 00:44:40]} {[%emt
00:01:42]} 19. Bxf3 {[%clk 00:46:20]} {[%emt 00:00:37]} Rh8 {[%clk 00:41:25]}
{[%emt 00:03:20]} 20. Bxh5 {[%clk 00:45:40]} {[%emt 00:00:45]} Rxh6 {[%clk
00:41:07]} {[%emt 00:00:24]} 21. Bf3 {[%clk 00:45:28]} {[%emt 00:00:16]} Qf8
{[%clk 00:39:41]} {[%emt 00:01:28]} 22. Bxa8 {[%clk 00:44:58]} {[%emt
00:00:38]} Qxa8 {[%clk 00:39:19]} {[%emt 00:00:27]} 23. Qd2 {[%clk 00:44:07]}
{[%emt 00:00:56]} Rg6 {[%clk 00:39:14]} {[%emt 00:00:07]} 24. g3 {[%clk
00:43:46]} {[%emt 00:00:29]} Rg8 {[%clk 00:38:10]} {[%emt 00:01:07]} 25. Qa5
{[%clk 00:42:43]} {[%emt 00:01:10]} Rh8 {[%clk 00:37:14]} {[%emt 00:00:58]} 26.
h4 {[%clk 00:42:40]} {[%emt 00:00:10]} Qb8 {[%clk 00:36:49]} {[%emt 00:00:30]}
27. b3 {[%clk 00:41:00]} {[%emt 00:01:46]} Bc7 {[%clk 00:36:20]} {[%emt
00:00:34]} 28. Qb4+ {[%clk 00:40:30]} {[%emt 00:00:35]} Bd6 {[%clk 00:36:06]}
{[%emt 00:00:20]} 29. Qe4 {[%clk 00:40:01]} {[%emt 00:00:33]} Qc7 {[%clk
00:33:08]} {[%emt 00:03:01]} 30. c4 {[%clk 00:39:05]} {[%emt 00:01:04]} Rh5
{[%clk 00:31:49]} {[%emt 00:01:22]} 31. cxb5 {[%clk 00:38:18]} {[%emt
00:00:52]} f5 {[%clk 00:31:06]} {[%emt 00:00:49]} 32. Qc4 {[%clk 00:37:19]}
{[%emt 00:01:04]} Qa5 {[%clk 00:30:18]} {[%emt 00:00:52]} 33. Qa4 {[%clk
00:35:57]} {[%emt 00:01:28]} Qb6 {[%clk 00:29:21]} {[%emt 00:01:02]} 34. Rac1
{[%clk 00:34:55]} {[%emt 00:01:07]} f4 {[%clk 00:28:30]} {[%emt 00:00:56]} 35.
Rc6 {[%clk 00:33:53]} {[%emt 00:01:07]} Qb7 {[%clk 00:28:13]} {[%emt 00:00:21]}
36. Rd1 {[%clk 00:32:09]} {[%emt 00:01:49]} fxg3 {[%clk 00:28:01]} {[%emt
00:00:18]} 37. fxg3 {[%clk 00:31:50]} {[%emt 00:00:24]} Rf5 {[%clk 00:26:47]}
{[%emt 00:00:30]} 38. d4 {[%clk 00:31:14]} {[%emt 00:01:30]} exd4 {[%emt
00:00:18]} 39. Rxd4 {[%emt 00:00:36]} Bxg3 {[%clk 00:25:37]} {[%emt 00:00:21]}
40. Qa6 {[%clk 00:30:23]} {[%emt 00:00:55]} Bf2+ {[%clk 00:25:15]} {[%emt
00:00:26]} 41. Kg2 {[%clk 00:29:51]} {[%emt 00:00:39]} Qxa6 {[%emt 00:00:29]}
42. Rxa6 {[%emt 00:00:25]} Bxd4 {[%clk 00:24:13]} {[%emt 00:00:13]} 43. a4
{[%clk 00:29:13]} {[%emt 00:00:43]} Rf2+ {[%clk 00:23:53]} {[%emt 00:00:23]}
44. Kg3 {[%clk 00:28:57]} {[%emt 00:00:23]} Rb2 {[%clk 00:22:16]} {[%emt
00:01:42]} 45. a5 {[%clk 00:28:13]} {[%emt 00:00:50]} Be5+ {[%clk 00:21:56]}
{[%emt 00:00:25]} 46. Kg4 {[%clk 00:27:56]} {[%emt 00:00:21]} f5+ {[%clk
00:21:34]} {[%emt 00:00:24]} 47. Kxf5 {[%clk 00:27:31]} {[%emt 00:00:31]} Bc7
{[%clk 00:20:35]} {[%emt 00:01:00]} 48. Rxa7 {[%clk 00:27:09]} {[%emt
00:00:33]} Rf2+ {[%clk 00:20:00]} {[%emt 00:00:41]} 49. Ke4 {[%clk 00:26:53]}
{[%emt 00:00:20]} Rf4+ {[%clk 00:19:26]} {[%emt 00:00:38]} 50. Kd3 {[%clk
00:26:26]} {[%emt 00:00:32]} Kd7 {[%clk 00:18:47]} {[%emt 00:00:44]} 51. b6
{[%clk 00:25:41]} {[%emt 00:00:51]} Rf8 {[%clk 00:18:29]} {[%emt 00:00:23]} 52.
Rxc7+ {[%clk 00:24:52]} {[%emt 00:00:51]} Kd8 {[%clk 00:18:15]} {[%emt
00:00:20]} 53. b7 {[%clk 00:24:34]} {[%emt 00:00:26]} Kxc7 {[%clk 00:17:59]}
{[%emt 00:00:20]} 54. a6 {[%clk 00:23:49]} {[%emt 00:00:51]} Ra8 {[%clk
00:18:00]} {[%emt 00:00:03]} 55. bxa8=Q {[%clk 00:23:33]} {[%emt 00:00:42]} Kd7
{[%clk 00:17:29]} {[%emt 00:00:33]} 56. Qb7+ {[%clk 00:23:14]} {[%emt
00:00:24]} Kd8 {[%clk 00:17:15]} {[%emt 00:00:19]} 57. a7 {[%clk 00:23:04]}
{[%emt 00:00:16]} Ke8 {[%clk 00:16:59]} {[%emt 00:00:15]} 58. a8=Q# {[%clk
00:22:14]} {[%emt 00:00:53]} 1-0

[Event "DVM U10 2023"]
[Site "Magdeburg GER"]
[Date "2023.12.28"]
[Round "5"]
[White "Tu, Tiffany"]
[Black "Gupta, Pranit"]
[Result "1-0"]
[Termination "normal"]
[Board "18.1"]
[WhiteElo "1169"]
[BlackElo "1155"]
[WhiteClock "00:18:42"]
[BlackClock "00:14:21"]
[WhiteTeam "SF 59 Kornwestheim"]
[BlackTeam "SF Deizisau"]
[PlyCount "99"]
[WhiteFideId "34628576"]
[EventCountry "GER"]
[EventRounds "7"]
[EventType "team-swiss"]
[EventDate "2023.12.27"]

1. e4 {[%clk 00:55:07]} {[%emt 00:00:02]} e5 {[%clk 00:55:06]} {[%emt
00:00:05]} 2. Nf3 {[%clk 00:55:05]} {[%emt 00:00:06]} Nc6 {[%clk 00:55:06]}
{[%emt 00:00:05]} 3. Bb5 {[%clk 00:55:03]} {[%emt 00:00:08]} Bc5 {[%clk
00:53:58]} {[%emt 00:01:12]} 4. c3 {[%clk 00:54:51]} {[%emt 00:00:17]} Bb6
{[%clk 00:53:45]} {[%emt 00:00:18]} 5. d3 {[%clk 00:54:36]} {[%emt 00:00:19]}
Nf6 {[%clk 00:53:16]} {[%emt 00:00:35]} 6. O-O {[%clk 00:54:28]} {[%emt
00:00:13]} h6 {[%clk 00:53:18]} {[%emt 00:00:03]} 7. Nbd2 {[%clk 00:54:21]}
{[%emt 00:00:11]} O-O {[%clk 00:53:11]} {[%emt 00:00:13]} 8. Re1 {[%clk
00:53:52]} {[%emt 00:00:34]} Re8 {[%clk 00:52:46]} {[%emt 00:00:30]} 9. Nf1
{[%clk 00:53:44]} {[%emt 00:00:12]} Ne7 {[%clk 00:52:44]} {[%emt 00:00:07]} 10.
Ng3 {[%clk 00:53:36]} {[%emt 00:00:13]} Ng6 {[%clk 00:52:46]} {[%emt 00:00:04]}
11. Nf5 {[%clk 00:52:58]} {[%emt 00:00:42]} c6 {[%clk 00:52:10]} {[%emt
00:00:43]} 12. Bc4 {[%clk 00:52:56]} {[%emt 00:00:07]} d6 {[%clk 00:51:51]}
{[%emt 00:00:24]} 13. Ng3 {[%clk 00:50:21]} {[%emt 00:02:39]} Nf4 {[%clk
00:51:29]} {[%emt 00:00:28]} 14. Bxf4 {[%clk 00:47:46]} {[%emt 00:02:40]} exf4
{[%clk 00:49:56]} {[%emt 00:01:37]} 15. Ne2 {[%clk 00:46:19]} {[%emt 00:01:32]}
Ng4 {[%clk 00:49:41]} {[%emt 00:00:20]} 16. Rf1 {[%clk 00:45:52]} {[%emt
00:00:31]} Qf6 {[%clk 00:47:52]} {[%emt 00:01:56]} 17. Qd2 {[%clk 00:44:26]}
{[%emt 00:01:30]} Ne3 {[%clk 00:45:39]} {[%emt 00:02:18]} 18. Rfe1 {[%clk
00:41:03]} {[%emt 00:03:27]} Bg4 {[%clk 00:43:23]} {[%emt 00:02:22]} 19. Nxf4
{[%clk 00:39:20]} {[%emt 00:01:48]} Bxf3 {[%clk 00:41:58]} {[%emt 00:01:30]}
20. fxe3 {[%clk 00:36:15]} {[%emt 00:03:09]} Qxf4 {[%clk 00:40:28]} {[%emt
00:01:36]} 21. Qf2 {[%clk 00:33:11]} {[%emt 00:03:06]} Qf6 {[%clk 00:38:06]}
{[%emt 00:02:30]} 22. Qxf3 {[%clk 00:32:45]} {[%emt 00:00:31]} Qxf3 {[%clk
00:37:58]} {[%emt 00:00:13]} 23. gxf3 {[%clk 00:32:42]} {[%emt 00:00:08]} Rad8
{[%clk 00:37:05]} {[%emt 00:00:57]} 24. d4 {[%clk 00:32:12]} {[%emt 00:00:36]}
d5 {[%clk 00:36:37]} {[%emt 00:00:33]} 25. exd5 {[%clk 00:31:51]} {[%emt
00:00:26]} cxd5 {[%emt 00:00:09]} 26. Bb5 {[%clk 00:31:19]} {[%emt 00:00:33]}
Re6 {[%clk 00:35:35]} {[%emt 00:01:08]} 27. e4 {[%clk 00:28:21]} {[%emt
00:03:03]} a6 {[%clk 00:33:53]} {[%emt 00:01:47]} 28. Ba4 {[%clk 00:27:51]}
{[%emt 00:00:32]} dxe4 {[%clk 00:30:01]} {[%emt 00:03:59]} 29. fxe4 {[%clk
00:26:56]} {[%emt 00:00:59]} Ba7 {[%clk 00:29:24]} {[%emt 00:00:43]} 30. Rad1
{[%clk 00:25:53]} {[%emt 00:01:07]} b5 {[%clk 00:29:13]} {[%emt 00:00:18]} 31.
Bb3 {[%clk 00:25:26]} {[%emt 00:00:30]} Re7 {[%clk 00:28:41]} {[%emt 00:00:38]}
32. e5 {[%clk 00:25:00]} {[%emt 00:00:29]} b4 {[%clk 00:28:28]} {[%emt
00:00:20]} 33. Kg2 {[%clk 00:23:24]} {[%emt 00:01:35]} Kf8 {[%clk 00:25:29]}
{[%emt 00:03:10]} 34. d5 {[%clk 00:22:25]} {[%emt 00:01:04]} bxc3 {[%clk
00:25:26]} {[%emt 00:00:09]} 35. bxc3 {[%clk 00:22:14]} {[%emt 00:00:15]} Rc8
{[%clk 00:23:48]} {[%emt 00:01:44]} 36. d6 {[%clk 00:21:02]} {[%emt 00:01:16]}
Rb7 {[%clk 00:22:03]} {[%emt 00:01:49]} 37. Rd3 {[%clk 00:20:09]} {[%emt
00:00:58]} Ke8 {[%clk 00:20:37]} {[%emt 00:01:31]} 38. e6 {[%clk 00:20:01]}
{[%emt 00:00:14]} f6 {[%clk 00:19:43]} {[%emt 00:00:59]} 39. d7+ {[%clk
00:19:55]} {[%emt 00:00:11]} Kd8 {[%clk 00:18:23]} {[%emt 00:01:25]} 40.
dxc8=Q+ {[%clk 00:19:50]} {[%emt 00:00:09]} Kxc8 {[%emt 00:00:05]} 41. e7
{[%clk 00:19:36]} {[%emt 00:00:17]} Rxe7 {[%clk 00:18:23]} {[%emt 00:00:09]}
42. Rxe7 {[%clk 00:19:33]} {[%emt 00:00:06]} Bc5 {[%emt 00:00:34]} 43. Rxg7
{[%clk 00:19:13]} {[%emt 00:00:08]} f5 {[%clk 00:16:36]} {[%emt 00:01:41]} 44.
Rh3 {[%clk 00:19:03]} {[%emt 00:00:14]} Bf8 {[%clk 00:16:14]} {[%emt 00:00:28]}
45. Rg8 {[%clk 00:19:01]} {[%emt 00:00:07]} Kd7 {[%clk 00:15:56]} {[%emt
00:00:24]} 46. Rxf8 {[%clk 00:18:58]} {[%emt 00:00:07]} Kd6 {[%clk 00:15:24]}
{[%emt 00:00:36]} 47. Rxf5 {[%clk 00:18:55]} {[%emt 00:00:08]} Ke7 {[%clk
00:15:14]} {[%emt 00:00:17]} 48. Rxh6 {[%clk 00:18:48]} {[%emt 00:00:11]} Kd8
{[%clk 00:14:32]} {[%emt 00:00:47]} 49. Rf7 {[%clk 00:18:43]} {[%emt 00:00:10]}
Ke8 {[%clk 00:14:21]} {[%emt 00:00:16]} 50. Rh8# {[%clk 00:18:42]} {[%emt
00:00:04]} 1-0

[Event "DVM U10 2023"]
[Site "Magdeburg GER"]
[Date "2023.12.28"]
[Round "5"]
[White "Hou, Yinuo"]
[Black "Liu, Miran"]
[Result "0-1"]
[Termination "normal"]
[Board "18.2"]
[WhiteElo "1211"]
[BlackElo "903"]
[WhiteClock "00:45:18"]
[BlackClock "00:37:26"]
[WhiteTeam "SF Deizisau"]
[BlackTeam "SF 59 Kornwestheim"]
[PlyCount "54"]
[BlackFideId "34612610"]
[EventCountry "GER"]
[EventRounds "7"]
[EventType "team-swiss"]
[EventDate "2023.12.27"]

1. e4 {[%clk 00:55:08]} {[%emt 00:00:02]} e5 {[%clk 00:55:04]} {[%emt
00:00:06]} 2. Nf3 {[%clk 00:55:07]} {[%emt 00:00:05]} Nc6 {[%clk 00:54:57]}
{[%emt 00:00:13]} 3. Bb5 {[%clk 00:55:00]} {[%emt 00:00:11]} Bc5 {[%clk
00:54:53]} {[%emt 00:00:09]} 4. c3 {[%clk 00:54:55]} {[%emt 00:00:11]} Nf6
{[%clk 00:54:25]} {[%emt 00:00:33]} 5. d3 {[%clk 00:54:53]} {[%emt 00:00:07]}
a6 {[%clk 00:53:23]} {[%emt 00:01:08]} 6. Ba4 {[%clk 00:54:42]} {[%emt
00:00:15]} O-O {[%clk 00:52:50]} {[%emt 00:00:37]} 7. Nbd2 {[%clk 00:54:33]}
{[%emt 00:00:15]} d6 {[%clk 00:51:45]} {[%emt 00:01:10]} 8. Nf1 {[%clk
00:53:56]} {[%emt 00:00:42]} Bd7 {[%clk 00:51:27]} {[%emt 00:00:22]} 9. Ng3
{[%clk 00:53:31]} {[%emt 00:00:31]} Qe7 {[%clk 00:49:49]} {[%emt 00:01:43]} 10.
O-O {[%clk 00:52:41]} {[%emt 00:00:54]} Rfe8 {[%clk 00:49:29]} {[%emt
00:00:26]} 11. Bc2 {[%clk 00:51:36]} {[%emt 00:01:10]} b5 {[%clk 00:48:05]}
{[%emt 00:01:29]} 12. Bg5 {[%clk 00:50:56]} {[%emt 00:00:44]} b4 {[%clk
00:47:26]} {[%emt 00:00:44]} 13. Nh5 {[%clk 00:49:34]} Rab8 {[%clk 00:44:51]}
{[%emt 00:04:07]} 14. Nxf6+ {[%clk 00:49:10]} {[%emt 00:00:29]} gxf6 {[%clk
00:44:44]} {[%emt 00:00:13]} 15. Bh6 {[%clk 00:49:03]} {[%emt 00:00:12]} Kh8
{[%clk 00:44:27]} {[%emt 00:00:22]} 16. Nh4 {[%clk 00:48:52]} {[%emt 00:00:15]}
Rg8 {[%clk 00:43:48]} {[%emt 00:00:45]} 17. cxb4 {[%clk 00:47:47]} {[%emt
00:01:10]} Bxb4 {[%clk 00:43:26]} {[%emt 00:00:26]} 18. Re1 {[%clk 00:47:28]}
{[%emt 00:00:25]} Bxe1 {[%emt 00:00:14]} 19. Qxe1 {[%emt 00:00:03]} Nd4 {[%clk
00:42:12]} {[%emt 00:01:02]} 20. Qd1 {[%clk 00:46:25]} {[%emt 00:01:08]} Nxc2
{[%clk 00:41:30]} {[%emt 00:00:47]} 21. Qxc2 {[%clk 00:46:23]} {[%emt
00:00:06]} f5 {[%clk 00:41:12]} {[%emt 00:00:23]} 22. Nxf5 {[%clk 00:46:08]}
{[%emt 00:00:20]} Bxf5 {[%clk 00:40:46]} {[%emt 00:00:31]} 23. exf5 {[%clk
00:46:02]} {[%emt 00:00:11]} Qf6 {[%clk 00:40:20]} {[%emt 00:00:31]} 24. Qd2
{[%clk 00:45:52]} {[%emt 00:00:15]} Qxf5 {[%clk 00:39:39]} {[%emt 00:00:46]}
25. Qg5 {[%clk 00:45:24]} {[%emt 00:00:30]} Rxg5 {[%clk 00:39:29]} {[%emt
00:00:18]} 26. Bxg5 {[%clk 00:45:18]} {[%emt 00:00:12]} Qxg5 {[%emt 00:00:12]}
27. h3 {[%emt 00:01:28]} Rxb2 {[%clk 00:37:26]} {[%emt 00:00:28]} 0-1

[Event "DVM U10 2023"]
[Site "Magdeburg GER"]
[Date "2023.12.28"]
[Round "5"]
[White "Gora, Jan"]
[Black "Gheng, Hannes Lucas"]
[Result "0-1"]
[Termination "normal"]
[Board "18.3"]
[WhiteElo "799"]
[BlackElo "961"]
[WhiteClock "00:51:02"]
[BlackClock "00:52:58"]
[WhiteTeam "SF 59 Kornwestheim"]
[BlackTeam "SF Deizisau"]
[PlyCount "34"]
[BlackFideId "34606890"]
[EventCountry "GER"]
[EventRounds "7"]
[EventType "team-swiss"]
[EventDate "2023.12.27"]

1. e4 {[%clk 00:55:08]} {[%emt 00:00:01]} c5 {[%clk 00:55:04]} {[%emt
00:00:07]} 2. Nc3 {[%clk 00:55:06]} {[%emt 00:00:07]} d6 {[%clk 00:55:02]}
{[%emt 00:00:07]} 3. Nf3 {[%clk 00:55:05]} {[%emt 00:00:06]} Nf6 {[%clk
00:54:58]} {[%emt 00:00:08]} 4. Bc4 {[%clk 00:55:05]} {[%emt 00:00:05]} e6
{[%clk 00:54:44]} {[%emt 00:00:20]} 5. d4 {[%clk 00:54:57]} {[%emt 00:00:13]}
cxd4 {[%clk 00:54:36]} {[%emt 00:00:13]} 6. Nb5 {[%clk 00:54:47]} {[%emt
00:01:49]} e5 {[%clk 00:55:24]} {[%emt 00:00:10]} 7. O-O {[%clk 00:54:37]}
{[%emt 00:00:34]} a6 {[%clk 00:54:54]} {[%emt 00:00:15]} 8. Na3 {[%clk
00:54:11]} {[%emt 00:00:50]} b5 {[%clk 00:54:47]} {[%emt 00:00:13]} 9. Bd5
{[%clk 00:54:09]} {[%emt 00:00:07]} Nxd5 {[%clk 00:54:09]} {[%emt 00:00:21]}
10. exd5 {[%clk 00:54:08]} {[%emt 00:00:27]} Bb7 {[%clk 00:54:02]} {[%emt
00:00:13]} 11. Bg5 {[%clk 00:53:56]} {[%emt 00:00:13]} Be7 {[%clk 00:53:53]}
{[%emt 00:00:18]} 12. c4 {[%clk 00:53:21]} {[%emt 00:00:40]} Bxg5 {[%clk
00:53:47]} {[%emt 00:00:11]} 13. Nxg5 {[%clk 00:53:16]} {[%emt 00:00:09]} Qxg5
{[%clk 00:53:38]} {[%emt 00:00:14]} 14. cxb5 {[%clk 00:51:59]} {[%emt
00:01:22]} axb5 {[%clk 00:53:30]} {[%emt 00:00:14]} 15. Nxb5 {[%clk 00:51:58]}
{[%emt 00:00:06]} O-O {[%clk 00:53:23]} {[%emt 00:00:12]} 16. Nxd6 {[%clk
00:51:48]} {[%emt 00:00:14]} Bxd5 {[%clk 00:53:16]} {[%emt 00:00:13]} 17. Rc1
{[%clk 00:51:02]} {[%emt 00:00:50]} Qxg2# {[%clk 00:52:58]} {[%emt 00:00:25]}
0-1

[Event "DVM U10 2023"]
[Site "Magdeburg GER"]
[Date "2023.12.28"]
[Round "5"]
[White "Sandros Izzi, Diego"]
[Black "Gora, Michael"]
[Result "1-0"]
[Termination "normal"]
[Board "18.4"]
[WhiteElo "900"]
[BlackElo "754"]
[WhiteClock "00:53:21"]
[BlackClock "00:47:38"]
[WhiteTeam "SF Deizisau"]
[BlackTeam "SF 59 Kornwestheim"]
[PlyCount "25"]
[EventCountry "GER"]
[EventRounds "7"]
[EventType "team-swiss"]
[EventDate "2023.12.27"]

1. e4 {[%clk 00:55:09]} {[%emt 00:07:50]} e5 {[%clk 00:55:06]} {[%emt
00:00:05]} 2. Nf3 {[%clk 00:55:06]} {[%emt 00:00:08]} Nc6 {[%clk 00:55:00]}
{[%emt 00:00:10]} 3. Bc4 {[%clk 00:55:01]} {[%emt 00:00:10]} Nf6 {[%clk
00:54:16]} {[%emt 00:00:43]} 4. Nc3 {[%clk 00:55:03]} {[%emt 00:00:09]} Bb4
{[%clk 00:54:05]} {[%emt 00:00:21]} 5. a3 {[%clk 00:54:30]} {[%emt 00:01:16]}
Bxc3 {[%emt 00:00:08]} 6. dxc3 {[%emt 00:00:08]} Nxe4 {[%emt 00:00:21]} 7. O-O
{[%emt 00:00:28]} O-O {[%emt 00:00:04]} 8. Re1 {[%emt 00:00:11]} Na5 {[%clk
00:51:13]} {[%emt 00:00:57]} 9. Rxe4 {[%clk 00:53:52]} {[%emt 00:01:00]} d6
{[%emt 00:01:00]} 10. Ng5 {[%clk 00:53:52]} {[%emt 00:00:16]} Nxc4 {[%emt
00:01:19]} 11. Rxc4 {[%emt 00:00:09]} d5 {[%clk 00:47:38]} {[%emt 00:01:38]}
12. Qd3 {[%clk 00:53:21]} {[%emt 00:00:44]} dxc4 {[%emt 00:00:21]} 13. Qxh7#
{[%clk 00:53:21]} {[%emt 00:00:09]} 1-0

[Event "DVM U10 2023"]
[Site "Magdeburg GER"]
[Date "2023.12.28"]
[Round "5"]
[White "Mulgunov, Alexej Nikolaj"]
[Black "Döscher, Rasmus"]
[Result "0-1"]
[Termination "normal"]
[Board "19.1"]
[WhiteElo "1139"]
[BlackElo "1171"]
[WhiteClock "00:32:08"]
[BlackClock "00:36:14"]
[WhiteTeam "fuß brothers Jena"]
[BlackTeam "SK Bremen-Nord"]
[PlyCount "68"]
[BlackFideId "34625038"]
[EventCountry "GER"]
[EventRounds "7"]
[EventType "team-swiss"]
[EventDate "2023.12.27"]

1. e4 {[%clk 00:55:04]} {[%emt 00:00:01]} e5 {[%clk 00:55:07]} {[%emt
00:00:08]} 2. Nf3 {[%clk 00:54:58]} {[%emt 00:00:05]} Nc6 {[%clk 00:54:53]}
{[%emt 00:00:25]} 3. Bc4 {[%clk 00:54:55]} {[%emt 00:00:08]} h6 {[%clk
00:54:34]} {[%emt 00:00:24]} 4. c3 {[%clk 00:54:47]} {[%emt 00:00:13]} Nf6
{[%clk 00:48:48]} {[%emt 00:05:51]} 5. d3 {[%clk 00:54:30]} {[%emt 00:00:14]}
Na5 {[%clk 00:48:23]} {[%emt 00:00:37]} 6. Nxe5 {[%clk 00:53:53]} {[%emt
00:00:30]} Nxc4 {[%clk 00:47:20]} {[%emt 00:01:21]} 7. Nxc4 {[%clk 00:53:37]}
{[%emt 00:00:07]} Be7 {[%clk 00:45:26]} {[%emt 00:02:14]} 8. Be3 {[%clk
00:53:01]} {[%emt 00:00:34]} O-O {[%clk 00:44:32]} {[%emt 00:01:06]} 9. e5
{[%clk 00:52:52]} {[%emt 00:00:10]} Nd5 {[%clk 00:44:22]} {[%emt 00:00:18]} 10.
O-O {[%clk 00:52:44]} {[%emt 00:00:14]} Nxe3 {[%clk 00:43:36]} {[%emt
00:00:52]} 11. fxe3 {[%clk 00:52:29]} {[%emt 00:00:20]} b5 {[%clk 00:42:55]}
{[%emt 00:01:30]} 12. Ncd2 {[%clk 00:52:08]} {[%emt 00:00:11]} Bb7 {[%clk
00:42:23]} {[%emt 00:00:41]} 13. e4 {[%clk 00:51:53]} {[%emt 00:00:17]} a6
{[%clk 00:40:16]} {[%emt 00:02:15]} 14. c4 {[%clk 00:51:19]} {[%emt 00:00:38]}
Re8 {[%clk 00:39:33]} {[%emt 00:00:49]} 15. Qh5 {[%emt 00:00:20]} Bc5+ {[%emt
00:00:40]} 16. Kh1 {[%emt 00:00:23]} Re7 {[%emt 00:00:39]} 17. Nc3 {[%clk
00:48:24]} {[%emt 00:00:42]} Bd4 {[%clk 00:39:06]} {[%emt 00:00:46]} 18. Nf3
{[%clk 00:47:00]} {[%emt 00:00:45]} Bc5 {[%clk 00:38:53]} {[%emt 00:01:02]} 19.
d4 {[%clk 00:46:29]} {[%emt 00:00:21]} Ba7 {[%clk 00:38:14]} {[%emt 00:01:00]}
20. Nd2 {[%emt 00:00:56]} Bxd4 {[%emt 00:00:37]} 21. Nd5 {[%emt 00:00:36]} Bxd5
{[%emt 00:00:16]} 22. cxd5 {[%emt 00:00:10]} Bxe5 {[%emt 00:00:57]} 23. Rf5
{[%clk 00:42:02]} {[%emt 00:00:49]} d6 {[%clk 00:37:54]} {[%emt 00:00:37]} 24.
Raf1 {[%emt 00:00:15]} g6 {[%emt 00:00:39]} 25. Qxh6 {[%emt 00:00:16]} Bg7
{[%emt 00:00:27]} 26. Qg5 {[%emt 00:00:27]} gxf5 {[%emt 00:00:19]} 27. exf5
{[%emt 00:00:23]} Re5 {[%emt 00:00:34]} 28. Qg4 {[%clk 00:38:08]} {[%emt
00:00:28]} Qd7 {[%clk 00:37:08]} {[%emt 00:01:01]} 29. Qg5 {[%clk 00:36:32]}
{[%emt 00:01:34]} Rae8 {[%clk 00:36:44]} {[%emt 00:00:35]} 30. Qg3 {[%emt
00:01:26]} Rxf5 {[%emt 00:00:28]} 31. Rxf5 {[%clk 00:34:26]} {[%emt 00:00:10]}
Qxf5 {[%clk 00:36:48]} {[%emt 00:00:11]} 32. Nf3 {[%clk 00:34:12]} {[%emt
00:00:13]} Qb1+ {[%clk 00:36:44]} {[%emt 00:00:14]} 33. Ng1 {[%clk 00:33:55]}
{[%emt 00:00:15]} Qxb2 {[%clk 00:36:14]} {[%emt 00:00:42]} 34. h4 {[%clk
00:32:08]} {[%emt 00:00:27]} Qe5 {[%clk 00:36:14]} 0-1